000 00933nam a2200301Ia 4500
003 OSt
005 20220912145124.0
006 a|||||r|||| 00| 0
007 ta
008 220909b |||||||| |||| 00| 0 eng d
020 _a9780470257623 (hbd)
024 _a85898
037 _b1495, 18/09/2009, Educational Book Agency (India)
037 _cTextual
040 _aCSL
_beng
_cCSL
041 _aeng
082 _aE5,8191, P1;P9
100 _aCrabtree Robert H
245 0 _aOrganometallic chemistry of the transition metals
250 _a5
260 _aNew Jersey
_bWiley
_c2009
300 _axiii, 505p.
_ccm.
500 _aIncludes bibliographical references.; Index 496-505p.
650 _a Organotransition metal comounds
650 _aChemistry
942 _hE5,8191, P1;P9
_cTEXL
_2CC
999 _c23881
_d23881